The computing laboratory in the university, (Record no. 543635)

000 -LEADER
fixed length control field 00737nam a22001811 4500
082 00 - DEWEY DECIMAL CLASSIFICATION NUMBER
Classification number 511
Author Mark COM
-- L-13;P-53
110 2# - MAIN ENTRY--CORPORATE NAME
Corporate name or jurisdiction name as entry element University of Wisconsin--Madison.
9 (RLIN) 39069
245 14 - TITLE STATEMENT
Title The computing laboratory in the university,
Statement of responsibility, etc. edited by Preston C. Hammer.
260 ## - PUBLICATION, DISTRIBUTION, ETC.
Place of publication, distribution, etc. Madison,
Name of publisher, distributor, etc. University of Wisconsin Press,
Date of publication, distribution, etc. 1957.
300 ## - PHYSICAL DESCRIPTION
Extent 236 p.
Other physical details illus.
Dimensions 25 cm.
500 ## - GENERAL NOTE
General note "A conference ... held at the University of Wisconsin in August, 1955 ... Sponsored by the University of Wisconsin Graduate Research Committee."
526 ## - STUDY PROGRAM INFORMATION NOTE
Program name 0
Interest level 0
Reading level 0
Title point value 511_000000000000000_COM
650 #0 - SUBJECT ADDED ENTRY--TOPICAL TERM
Topical term or geographic name entry element Computation laboratories.
9 (RLIN) 39070
650 #0 - SUBJECT ADDED ENTRY--TOPICAL TERM
Topical term or geographic name entry element MCE
9 (RLIN) 379
650 #0 - SUBJECT ADDED ENTRY--TOPICAL TERM
Topical term or geographic name entry element Universities and colleges.
700 1# - ADDED ENTRY--PERSONAL NAME
Personal name Hammer, Preston C.,
9 (RLIN) 39071
942 ## - ADDED ENTRY ELEMENTS (KOHA)
Source of classification or shelving scheme
Koha item type Book
Holdings
Withdrawn status Lost status Source of classification or shelving scheme Damaged status Not for loan Permanent Location Current Location Date acquired Total Checkouts Full call number Barcode Date last seen Price effective from Koha item type
          Military College of Engineering (MCE) Military College of Engineering (MCE) 03/28/2014   511 COM MCE-943 03/28/2014 03/28/2014 Book
© 2023 Central Library, National University of Sciences and Technology. All Rights Reserved.